• 首页
  • 本馆介绍
  • 公告通知
  • 最新文献
  • 馆藏检索
  • 电子资源
  • 读者导购
  • 参考咨询
  • 我的图书馆
  • 登录
  • 详细信息显示
  • 放入我的书架
  • 预约/预借图书
  • 作者相关作品
  • 分类相关作品
  • 丛书相关作品
  • 出版社相关作品

书目信息

  • 表格格式
  • 工作单格式
  • 卡片格式
书名: Evolution: concepts and consequences
作者: [by] Lawrence S. Dillon.
分册号:
分册名:
出版地: Saint Louis :
 
出版社: Mosby
出版时间: 1973.
页数: viii, 319 p. :
开本: 27 cm.
丛书名:
中图分类号:
科图分类号:
其他分类号: Q11
主题词:
电子资源:
000 00758cam a2200253 450
001 E0740275515
005 20070427111256.26
008 730410s1973 moua b 001 0 eng
010    @a72088506
020    @a0801612985.
035    @A(DLC) 72088506
040    @aDLC@cDLC@dDLC
050 00 @aQH366.2@b.D54
082 00 @a575
090    @aQ11
099    @dQ11@ex45
100 1  @aDillon, Lawrence S.
245 10 @aEvolution: concepts and consequences / @c[by] Lawrence S. Dillon.
260    @aSaint Louis :@bMosby,@c1973.
300    @aviii, 319 p. :@billus. ;@c27 cm.
504    @aIncludes bibliographies.
650  0 @aEvolution (Biology)
906    @a7@bcbc@corignew@d2@eopcn@f19@gy-gencatlg
991    @bc-GenColl@hQH366.2@i.D54@p00050950517@tCopy 1@wBOOKS
    
    Evolution: concepts and consequences / / [by] Lawrence S. Dillon.-Saint Louis : : Mosby, , 1973.
    viii, 319 p. : : illus. ; ; 27 cm.
    Includes bibliographies.
    
    ISBN 0801612985.
    
●
相关链接 在E读中查询图书 在五车中查询图书 在当当中查询图书 在豆瓣中查询图书


正题名:Evolution: concepts and consequences     索取号:Q11/x45         预约/预借

序号 登录号 条形码 馆藏地/架位号 状态 备注
1 5714   300057140   第二样本阅览室/ [索取号:Q11/x45] 在馆    
2 5715   300057159   第四借阅区/ [索取号:Q11/x45] 在馆    
唐山师范学院图书馆 欢迎您!
大连网信软件有限公司© 版权所有